[Event "ch-FRA Blitz Online Qual"]
[Site "Europe-Chess INT"]
[Date "2020.05.16"]
[Round "1"]
[White "Hejazipour, Mitra"]
[Black "Muller, Patrick"]
[Result "1-0"]
[WhiteTitle "WGM"]
[WhiteElo "2300"]
[BlackElo "1582"]
[WhiteFideId "12505951"]
[BlackFideId "20669216"]
[EventDate "2020.05.16"]

1. Nf3 Nf6 2. d4 d5 3. c4 e6 4. Nc3 c6 5. e3 Ne4 6. Nxe4 dxe4 7. Nd2 f5 8. Be2
Nd7 9. c5 Nf6 10. O-O Be7 11. Nc4 Nd5 12. f3 exf3 13. Bxf3 O-O 14. Bd2 a6 15.
Ba5 Qe8 16. Qe2 Bd8 17. Nd6 Qd7 18. Bxd8 Qxd8 19. e4 fxe4 20. Bxe4 Nf6 21. Bc2
Ne8 22. Bxh7+ Kxh7 23. Rxf8 Qe7 24. Qh5# 1-0

[Event "ch-FRA Blitz Online Qual"]
[Site "Europe-Chess INT"]
[Date "2020.05.16"]
[Round "1"]
[White "Song, Julien"]
[Black "Sithisak, William"]
[Result "1-0"]
[WhiteTitle "IM"]
[WhiteElo "2306"]
[BlackElo "1692"]
[WhiteFideId "659487"]
[BlackFideId "45120749"]
[EventDate "2020.05.16"]

1. d4 d5 2. c4 c6 3. Nc3 Nf6 4. e3 e6 5. Nf3 Bd6 6. Qc2 Nbd7 7. Bd2 O-O 8. Bd3
dxc4 9. Bxc4 b5 10. Bd3 Bb7 11. a4 b4 12. Ne4 Be7 13. O-O Rc8 14. Nc5 Bxc5 15.
dxc5 a5 16. Rfd1 Qc7 17. Rac1 Rfd8 18. Ng5 Nf8 19. Be1 h6 20. Ne4 Nxe4 21. Bxe4
Ba6 22. f3 Nd7 23. Bg3 Qb7 24. Rd6 Nf6 25. Rcd1 Rxd6 26. Rxd6 Qa8 27. Be5 Ne8
28. Rd7 Nc7 29. Bh7+ Kf8 30. Bxg7+ Kxg7 31. Qg6+ Kf8 32. Qxf7# 1-0

[Event "ch-FRA Blitz Online Qual"]
[Site "Europe-Chess INT"]
[Date "2020.05.16"]
[Round "1"]
[White "Gratton, Manolo"]
[Black "Ternault, Mathieu"]
[Result "0-1"]
[BlackTitle "FM"]
[WhiteElo "1573"]
[BlackElo "2363"]
[WhiteFideId "551089157"]
[BlackFideId "20641532"]
[EventDate "2020.05.16"]

1. e4 Nc6 2. Nf3 d6 3. d4 Nf6 4. Nc3 g6 5. Bc4 Bg7 6. Bg5 O-O 7. O-O Nxe4 8.
Nxe4 d5 9. Bxd5 Qxd5 10. Nc3 Qc4 11. Be3 Bg4 12. Re1 Rad8 13. h3 Bxf3 14. Qxf3
Bxd4 15. Bxd4 Nxd4 16. Qe4 e6 17. Rac1 Qa6 18. Qh4 f5 19. Red1 c5 20. Re1 Qc6
21. Kh2 Rd7 22. a3 b5 23. Ne2 Nxe2 24. Rxe2 Rd4 25. Qe7 Qd6+ 26. Qxd6 Rxd6 27.
Rce1 Kf7 28. c3 Rfd8 29. f3 c4 30. Kg3 h6 31. Kf2 Rd2 32. Ke3 R8d3+ 33. Kf2 Kf6
34. g3 a5 35. Rxd2 Rxd2+ 36. Re2 Rd5 37. Ke3 e5 38. f4 Rd3+ 39. Kf2 exf4 40.
gxf4 Rxh3 41. Kg2 Rd3 42. Kf2 g5 43. fxg5+ hxg5 44. Kg2 g4 45. Kf2 f4 46. Re1
Kf5 47. Re8 Rd2+ 48. Ke1 Rxb2 49. Rf8+ Ke4 50. Rg8 Kf3 51. Ra8 g3 52. Rg8 g2 53.
Rg5 Rb1+ 54. Kd2 g1=Q 0-1

[Event "ch-FRA Blitz Online Qual"]
[Site "Europe-Chess INT"]
[Date "2020.05.16"]
[Round "1"]
[White "Razafindratsima, Timothe"]
[Black "Menjra, Yanis"]
[Result "1-0"]
[WhiteTitle "FM"]
[WhiteElo "2336"]
[BlackElo "1489"]
[WhiteFideId "36069884"]
[BlackFideId "45155500"]
[EventDate "2020.05.16"]

1. e4 e5 2. Nf3 Nc6 3. Bb5 a6 4. Ba4 Nf6 5. d3 b5 6. Bb3 Be7 7. O-O d6 8. a3 O-O
9. Nc3 Bg4 10. Be3 Nd4 11. Bxd4 exd4 12. Nd5 Nxd5 13. Bxd5 Rb8 14. h3 Bxf3 15.
Qxf3 Qd7 16. Qg3 c6 17. Bb3 Bf6 18. f4 g6 19. e5 dxe5 20. fxe5 Bg7 21. Rxf7 Rxf7
22. Rf1 Rf8 23. Rxf7 Rxf7 24. e6 Qd8 25. exf7+ Kf8 26. Qg4 c5 27. Qe6 Bh6 28.
Bd5 Be3+ 29. Kh1 Qe7 30. Qc8+ Kg7 31. Qg8+ Kh6 32. f8=Q+ 1-0

[Event "ch-FRA Blitz Online Qual"]
[Site "Europe-Chess INT"]
[Date "2020.05.16"]
[Round "1"]
[White "Robine, Guillaume"]
[Black "Le Huec, Marc"]
[Result "0-1"]
[WhiteElo "1571"]
[BlackElo "2213"]
[WhiteFideId "45127352"]
[BlackFideId "624829"]
[EventDate "2020.05.16"]

1. e4 c5 2. Nc3 Nc6 3. f4 e6 4. Nf3 d5 5. Bb5 Ne7 6. O-O d4 7. Ne2 a6 8. Bxc6+
Nxc6 9. d3 Be7 10. Qe1 f5 11. exf5 exf5 12. Ng3 O-O 13. Ne5 Nb4 14. Qf2 Bd6 15.
a3 Nd5 16. Nc4 Bc7 17. Bd2 b6 18. Rae1 Bb7 19. Kh1 Qf6 20. Ne2 b5 21. Ne5 Bxe5
22. fxe5 Qxe5 23. Ng1 Qd6 24. Nf3 f4 25. Qh4 Ne3 26. Bxe3 fxe3 27. Ng5 h6 28.
Ne4 Qe5 29. Rf3 Bxe4 30. Qxe4 Qxe4 31. dxe4 Rae8 32. Kg1 Rxe4 33. Kf1 Ref4 34.
Ke2 Rxf3 35. gxf3 Kf7 36. Rg1 Re8 37. Rg4 a5 38. h4 Re6 39. b3 Rd6 40. Rf4+ Kg6
41. Re4 Kf5 42. Rg4 g5 43. hxg5 hxg5 44. Kd3 c4+ 45. Ke2 d3+ 46. cxd3 cxd3+ 47.
Kxe3 d2 48. Rd4 Rxd4 49. Kxd4 d1=Q+ 50. Kc5 Qxb3 0-1

[Event "ch-FRA Blitz Online Qual"]
[Site "Europe-Chess INT"]
[Date "2020.05.16"]
[Round "1"]
[White "Buksa, Nataliya"]
[Black "Vernadet, Jacques"]
[Result "1-0"]
[WhiteTitle "IM"]
[WhiteElo "2410"]
[BlackElo "1600"]
[WhiteFideId "14123622"]
[BlackFideId "665169"]
[EventDate "2020.05.16"]

1. d4 Nf6 2. Nc3 g6 3. Bf4 d6 4. e3 Bg7 5. Nf3 O-O 6. h4 Nbd7 7. h5 Nxh5 8. Rxh5
gxh5 9. Bd3 f6 10. Qe2 e5 11. dxe5 dxe5 12. Bg3 Nc5 13. Bc4+ Be6 14. Nd2 Qe7 15.
O-O-O a6 16. Qxh5 b5 17. Bxe6+ Qxe6 18. Rh1 h6 19. Kb1 f5 20. f4 e4 21. Nb3 Nxb3
22. axb3 Rad8 23. Be1 Rd6 24. Rg1 Rfd8 25. Kc1 b4 26. Na4 Rd1+ 27. Qxd1 Rxd1+
28. Kxd1 c5 29. Kc1 c4 30. Bxb4 cxb3 31. Bc3 Bxc3 32. Nxc3 Qc4 33. Rd1 Qc5 34.
Rd4 h5 35. cxb3 Qb6 36. Kc2 h4 37. b4 Qg6 38. Rd2 Qb6 39. Rd4 Qg6 40. Rd2 Qb6
41. Nd5 Qc6+ 42. Kb3 Qe6 43. Kc2 Kg7 44. Kd1 Qc6 45. Ne7 Qb5 46. Ke1 Qxb4 47.
Nxf5+ Kf6 48. Nxh4 Kg7 49. g4 a5 50. Nf5+ Kf6 51. Nd4 a4 52. Ke2 Qc4+ 53. Kf2
Qc1 54. g5+ Kg6 55. Rc2 Qh1 56. Rc6+ Kh5 57. Rh6+ Kg4 58. Rxh1 a3 59. Rg1+ Kh5
60. bxa3 Kg6 61. a4 Kf7 62. a5 1-0

[Event "ch-FRA Blitz Online Qual"]
[Site "Europe-Chess INT"]
[Date "2020.05.16"]
[Round "1"]
[White "Bassini, Emile"]
[Black "Bonelli Maestracci, Pierre Joseph"]
[Result "1-0"]
[WhiteElo "2288"]
[BlackElo "1545"]
[WhiteFideId "26084074"]
[BlackFideId "45172870"]
[EventDate "2020.05.16"]

1. e4 c5 2. Nf3 d6 3. d4 cxd4 4. Nxd4 Nf6 5. Nc3 g6 6. Be3 Bg7 7. f3 O-O 8. Qd2
Nc6 9. O-O-O Nxd4 10. Bxd4 Be6 11. Kb1 a5 12. g4 a4 13. h4 a3 14. b3 Ne8 15. h5
Qa5 16. Ne2 Qxd2 17. Rxd2 Bxd4 18. Nxd4 Bd7 19. Bc4 Nc7 20. hxg6 hxg6 21. Rdh2
e6 22. g5 f6 23. Rh8+ Kf7 24. R1h7+ Ke8 25. Rxf8+ Kxf8 26. Rxd7 e5 27. Rxc7 exd4
28. gxf6 Re8 29. Rh7 d5 30. Bxd5 Re6 31. Bxe6 Ke8 32. Rh8# 1-0

[Event "ch-FRA Blitz Online Qual"]
[Site "Europe-Chess INT"]
[Date "2020.05.16"]
[Round "1"]
[White "Muller, Lorelei"]
[Black "Doluhanova, Evgeniya"]
[Result "0-1"]
[BlackTitle "WGM"]
[WhiteElo "1541"]
[BlackElo "2229"]
[WhiteFideId "20669208"]
[BlackFideId "14112035"]
[EventDate "2020.05.16"]

1. e4 e5 2. Nf3 Nc6 3. Bb5 Nf6 4. O-O Nxe4 5. Re1 Nd6 6. Bxc6 dxc6 7. Nxe5 Be7
8. d4 O-O 9. Be3 Bf5 10. c3 Bf6 11. Nf3 Re8 12. h3 Qd7 13. h4 Nc4 14. Qb3 Nxe3
15. Rxe3 Rxe3 16. fxe3 b6 17. Nbd2 Re8 18. Re1 Qe7 19. c4 Bxh4 20. Re2 Bg4 21.
Qd3 Bg5 22. Kf2 h6 23. Nf1 Bxf3 24. gxf3 Bh4+ 25. Kg1 Qf6 26. Nh2 Bg3 27. f4
Bxh2+ 28. Rxh2 Qe6 29. Re2 Qe4 30. Qxe4 Rxe4 31. Kf2 f5 32. Kf3 Kf7 33. b3 Kf6
34. Rg2 g5 35. fxg5+ hxg5 36. Rd2 Rh4 37. Kg3 Rh1 38. Rb2 Ke6 39. Kf3 g4+ 40.
Kf4 Rf1+ 41. Kg5 Rf3 42. e4 fxe4 43. Kxg4 Rf7 44. Re2 Kd6 45. Rxe4 Rf2 46. a4
Rb2 47. c5+ bxc5 48. dxc5+ Kxc5 49. Re3 Kb4 50. Kf4 Rxb3 51. Re7 c5 52. Rxc7 a5
53. Rc6 c4 54. Ke4 Rd3 55. Rc8 Rd7 56. Ke5 c3 57. Ke4 Kb3 58. Ke3 c2 59. Ke2 Rd1
60. Rb8+ Kxa4 61. Rb2 c1=Q 62. Ra2+ Kb3 63. Rxa5 Qd2+ 0-1

[Event "ch-FRA Blitz Online Qual"]
[Site "Europe-Chess INT"]
[Date "2020.05.16"]
[Round "1"]
[White "Delorme, Alban"]
[Black "Kloss, Alexandre"]
[Result "1-0"]
[WhiteTitle "FM"]
[WhiteElo "2322"]
[BlackElo "1577"]
[WhiteFideId "623636"]
[BlackFideId "36088617"]
[EventDate "2020.05.16"]

1. e4 c5 2. Nf3 d6 3. d4 cxd4 4. Qxd4 Nc6 5. Bb5 Bd7 6. Bxc6 Bxc6 7. Nc3 Nf6 8.
Bg5 e6 9. Qd3 Be7 10. Nd4 O-O 11. O-O-O d5 12. e5 Ne4 13. Bxe7 Nxc3 14. Bxd8
Nxa2+ 15. Kb1 Rfxd8 1-0

[Event "ch-FRA Blitz Online Qual"]
[Site "Europe-Chess INT"]
[Date "2020.05.16"]
[Round "1"]
[White "Auribault, Louis"]
[Black "Pucher, Sebastien"]
[Result "0-1"]
[BlackTitle "FM"]
[WhiteElo "1618"]
[BlackElo "2322"]
[WhiteFideId "45196591"]
[BlackFideId "627232"]
[EventDate "2020.05.16"]

1. e4 g6 2. d4 Bg7 3. Nf3 d6 4. Nc3 a6 5. Be2 b5 6. a3 Bb7 7. Be3 Nf6 8. d5 O-O
9. Qd2 c6 10. O-O-O cxd5 11. exd5 Re8 12. Bh6 Bh8 13. h4 Ng4 14. Bf4 Nxf2 15.
Rhf1 Nxd1 16. Rxd1 Nd7 17. g4 Rc8 18. h5 Bxc3 19. bxc3 Qa5 20. Kb2 Nb6 21. hxg6
hxg6 22. Rh1 Na4+ 23. Kc1 Nxc3 24. Kb2 b4 25. axb4 Qxb4+ 26. Kc1 Qb1# 0-1

[Event "ch-FRA Blitz Online Qual"]
[Site "Europe-Chess INT"]
[Date "2020.05.16"]
[Round "1"]
[White "Durand-Le Ludec, Brendan-Budok"]
[Black "Cadieu, Corentin"]
[Result "0-1"]
[WhiteElo "2205"]
[BlackElo "1524"]
[WhiteFideId "26064340"]
[BlackFideId "26023180"]
[EventDate "2020.05.16"]

1. e4 e6 2. d4 d5 3. Be3 dxe4 4. Nd2 Nf6 5. f3 exf3 6. Ngxf3 b6 7. Bd3 Bb7 8.
O-O Be7 9. Qe1 Nd5 10. Ne4 Nxe3 11. Qxe3 Nd7 12. Rad1 Nf6 13. Neg5 h6 14. Nxf7
Kxf7 15. Ne5+ Kg8 16. Ng6 Kf7 17. Nxh8+ Qxh8 18. Rde1 Qd8 19. Qxe6+ Kf8 20. Bg6
Qxd4+ 21. Rf2 Qd5 22. Qxe7+ Kg8 23. Rxf6 Qxg2# 0-1

[Event "ch-FRA Blitz Online Qual"]
[Site "Europe-Chess INT"]
[Date "2020.05.16"]
[Round "1"]
[White "Brasseur, Vincent"]
[Black "Barbaras, Mathieu"]
[Result "0-1"]
[WhiteElo "1603"]
[BlackElo "2200"]
[WhiteFideId "45129550"]
[BlackFideId "20622910"]
[EventDate "2020.05.16"]

1. e4 c5 2. d4 cxd4 3. Nf3 Nc6 4. Nxd4 e5 5. Nb5 d6 6. N1c3 a6 7. Na3 Be7 8. Nc4
b5 9. Ne3 Nf6 10. f3 O-O 11. Be2 Be6 12. O-O Nd4 13. Bd3 Rc8 14. Ne2 Nxe2+ 15.
Qxe2 Qc7 16. Bd2 Rfe8 17. a3 Nh5 18. g3 g6 19. Bc3 Bg5 20. Nd5 Bxd5 21. exd5
Qc5+ 22. Kg2 Qxd5 23. Rad1 Qe6 24. Be4 Rb8 25. Bd5 Qe7 26. Rfe1 Nf6 27. Bb3 Bh6
28. Bb4 Rbd8 29. f4 e4 30. Qd2 Bf8 31. Qe3 Qb7 32. h3 d5 33. Qd4 Bxb4 34. axb4
Qe7 35. Rf1 e3 36. Rde1 Qe4+ 37. Qxe4 Rxe4 38. Rf3 d4 39. Kf1 Nh5 40. Ke2 Kg7
41. Kd3 f5 42. c3 dxc3+ 43. Kxc3 Rc8+ 44. Kd3 Rxb4 45. Ke2 Rxb3 46. Rxe3 Rxe3+
47. Kxe3 Re8+ 48. Kf2 Rxe1 49. Kxe1 Nxg3 50. Kf2 Ne4+ 0-1

[Event "ch-FRA Blitz Online Qual"]
[Site "Europe-Chess INT"]
[Date "2020.05.16"]
[Round "1"]
[White "Bouget, Alexandre"]
[Black "Daude, Alexandre"]
[Result "1-0"]
[WhiteTitle "FM"]
[WhiteElo "2238"]
[BlackElo "1518"]
[WhiteFideId "681318"]
[BlackFideId "45102660"]
[EventDate "2020.05.16"]

1. d4 e6 2. c4 c5 3. d5 exd5 4. cxd5 d6 5. Nc3 g6 6. e4 Bg7 7. f4 Nf6 8. e5 dxe5
9. fxe5 Nh5 10. Nf3 O-O 11. Bc4 Nd7 12. e6 fxe6 13. dxe6 Qe7 14. O-O Ne5 15. Nd5
Qxe6 16. Ne7+ 1-0

[Event "ch-FRA Blitz Online Qual"]
[Site "Europe-Chess INT"]
[Date "2020.05.16"]
[Round "1"]
[White "De Smet, Fabrice"]
[Black "Degardin, Sylvain"]
[Result "0-1"]
[WhiteElo "1520"]
[BlackElo "2267"]
[WhiteFideId "45129657"]
[BlackFideId "20623070"]
[EventDate "2020.05.16"]

1. e4 c5 2. Nc3 d6 3. g3 Nc6 4. Bg2 g6 5. Nge2 Bg7 6. d3 e6 7. O-O Nge7 8. Be3
O-O 9. d4 cxd4 10. Nxd4 a6 11. Nxc6 Nxc6 12. f4 b5 13. a3 Bb7 14. Qe2 Rc8 15.
Rad1 Qe7 16. Rd2 Na5 17. Na2 Nc4 18. Rd3 Nxb2 19. Rd2 Nc4 20. Rd3 Nxe3 21. Rxe3
Rc4 22. Rd1 Rfc8 23. Nb4 a5 24. Nd3 Bd4 0-1

[Event "ch-FRA Blitz Online Qual"]
[Site "Europe-Chess INT"]
[Date "2020.05.16"]
[Round "1"]
[White "Maisuradze, Nino"]
[Black "Hetier, Thomas"]
[Result "1-0"]
[WhiteTitle "WGM"]
[WhiteElo "2214"]
[BlackElo "1598"]
[WhiteFideId "13601717"]
[BlackFideId "45146586"]
[EventDate "2020.05.16"]

1. d4 Nf6 2. c4 d5 3. cxd5 Nxd5 4. e4 Nf6 5. Nc3 g6 6. Nf3 Bg7 7. Bc4 O-O 8. O-O
e6 9. Bg5 c6 10. e5 Nbd7 11. exf6 Bxf6 12. Bxf6 Qxf6 13. Ne4 Qe7 14. Re1 b5 15.
Bb3 Bb7 16. Neg5 Rac8 17. Qd2 c5 18. d5 c4 19. dxe6 fxe6 20. Rxe6 Qg7 21. Bc2
Bxf3 22. Nxf3 Nc5 23. Ree1 Rcd8 24. Qc3 Qb7 25. Rad1 a6 26. Rxd8 Rxd8 27. h3 Rf8
28. Qd4 Rxf3 29. gxf3 Qxf3 30. Qd8+ Kg7 31. Qe7+ Kg8 32. Qxc5 Qxh3 33. Re8+ Kg7
34. Qf8# 1-0

[Event "ch-FRA Blitz Online Qual"]
[Site "Europe-Chess INT"]
[Date "2020.05.16"]
[Round "1"]
[White "Delabre, Gaspard"]
[Black "Coutton, Sylvain"]
[Result "0-1"]
[WhiteElo "1449"]
[BlackElo "2185"]
[WhiteFideId "36076627"]
[BlackFideId "610194"]
[EventDate "2020.05.16"]

1. e4 e5 2. Nf3 Nc6 3. Bc4 Bc5 4. c3 Nf6 5. d3 a6 6. Bb3 Ba7 7. Nbd2 O-O 8. O-O
d6 9. Re1 Ng4 10. Re2 Kh8 11. Nf1 f5 12. h3 Nh6 13. N1h2 Ne7 14. Be3 fxe4 15.
dxe4 Ng6 16. Nf1 Bxh3 17. Ng3 Bg4 18. Bxa7 Rxa7 19. Re3 Nh4 20. Qd3 Ra8 21. Nh2
Bd7 22. Bd1 Qf6 23. Nf3 Ng6 24. Qd2 Nf4 25. Ne2 Ng4 26. Nxf4 Qxf4 27. Re1 Qf7
28. Ng5 Qg6 29. f3 Nf6 30. Kh2 Nh5 31. Nh3 Qg3+ 32. Kh1 Bxh3 33. gxh3 Qxh3+ 34.
Qh2 Qxh2+ 35. Kxh2 Rf4 36. Rg1 Raf8 37. Kg2 R4f6 38. Be2 Nf4+ 39. Kf2 Nh3+ 0-1

[Event "ch-FRA Blitz Online Qual"]
[Site "Europe-Chess INT"]
[Date "2020.05.16"]
[Round "1"]
[White "Fondrat, Johan"]
[Black "Ioannidis, Evgenios"]
[Result "0-1"]
[BlackTitle "IM"]
[WhiteElo "1509"]
[BlackElo "2401"]
[WhiteFideId "45156069"]
[BlackFideId "4229274"]
[EventDate "2020.05.16"]

1. e4 c5 2. c3 Nf6 3. e5 Nd5 4. d4 cxd4 5. cxd4 d6 6. exd6 Qxd6 7. Nf3 Nc6 8.
Be2 Bg4 9. O-O e6 10. Nc3 Be7 11. Re1 O-O 12. h3 Bh5 13. Nxd5 Qxd5 14. Be3 Rfd8
15. Rc1 Qxa2 16. b3 Bg6 17. Bd3 Rac8 18. Ra1 Qb2 19. Bxg6 hxg6 20. Re2 Qc3 21.
Rd2 Bf6 22. Rc1 Qa5 23. Qe2 Ne7 24. Rdc2 Rxc2 25. Rxc2 Nf5 26. Ra2 Qb6 27. Qd3
Nxd4 28. Nxd4 Bxd4 29. Bxd4 Rxd4 30. Qc3 Qd6 31. g3 Qd5 32. Qc8+ Kh7 33. Qc3
Rd1+ 0-1

[Event "ch-FRA Blitz Online Qual"]
[Site "Europe-Chess INT"]
[Date "2020.05.16"]
[Round "1"]
[White "De Seroux, Camille"]
[Black "Spano, Remy"]
[Result "0-1"]
[WhiteTitle "WIM"]
[WhiteElo "2137"]
[BlackElo "1662"]
[WhiteFideId "1305620"]
[BlackFideId "26092948"]
[EventDate "2020.05.16"]

1. e4 e6 2. d4 d5 3. Nd2 Nc6 4. c3 e5 5. exd5 Qxd5 6. Ngf3 exd4 7. Bc4 Qd8 8.
cxd4 Nxd4 9. Nxd4 Qxd4 10. O-O Be6 11. Re1 O-O-O 12. Bxe6+ fxe6 13. Rxe6 Bb4 14.
Re2 Nf6 15. a3 Ba5 16. Qc2 Rhe8 17. Rxe8 Rxe8 18. Nf3 Qd7 19. b4 Bb6 20. Bb2 Ne4
21. Rf1 Qf7 22. Ne5 Qd5 23. Nd3 Qg5 24. Qd1 Rf8 25. Qe2 Qg6 26. Bc1 h5 27. Be3
Bxe3 28. Qxe3 Nd6 29. Ne5 Qe6 30. f4 Re8 31. Qxa7 Kd8 32. Rd1 Ke7 33. Qd4 Qf5
34. g3 h4 35. Qd3 Qxd3 36. Rxd3 hxg3 37. hxg3 Kf8 38. Rc3 Nb5 39. Rc5 Nxa3 40.
Rxc7 b5 41. Ra7 Nc2 42. Rb7 Nxb4 43. Rxb5 Nc2 44. Rb7 Nd4 45. Kf2 Rc8 46. Ke3
Nf5+ 47. Kf3 Rc3+ 48. Kg4 Nxg3 49. Rf7+ Kg8 50. Rd7 Ne4 51. Rd8+ Kh7 52. Kf5 Nf6
53. Nf7 g6+ 54. Ke6 Kg7 55. Nd6 Re3+ 56. Ne4 Rxe4+ 57. Kd6 Rxf4 58. Ra8 Rf5 59.
Ra7+ Kh6 60. Ra1 g5 61. Ke6 Kg6 62. Rh1 g4 63. Rg1 Kg5 64. Ra1 g3 65. Ra7 g2 66.
Rg7+ Kf4 67. Rxg2 Ne4 68. Rg1 Re5+ 69. Kf7 Ng5+ 70. Kf8 Rf5+ 71. Kg7 Ne6+ 72.
Kh6 Rf6+ 73. Kh5 Kf5 74. Rf1+ Nf4+ 75. Kh4 Rg6 0-1

[Event "ch-FRA Blitz Online Qual"]
[Site "Europe-Chess INT"]
[Date "2020.05.16"]
[Round "1"]
[White "Dietrich, Antoine"]
[Black "Derige Kane, Yan"]
[Result "0-1"]
[WhiteElo "1499"]
[BlackElo "2236"]
[WhiteFideId "679879"]
[BlackFideId "20665431"]
[EventDate "2020.05.16"]

1. c4 Nf6 2. g3 e6 3. Bg2 d5 4. cxd5 exd5 5. Nc3 c5 6. e3 Nc6 7. Nge2 Be7 8. O-O
O-O 9. d3 Bg4 10. f3 Bh5 11. d4 cxd4 12. exd4 Re8 13. Bf4 Rc8 14. g4 Bg6 15. Ng3
Nxd4 16. Kh1 Ne6 17. Be5 d4 18. Bxf6 Bxf6 19. Nce4 Be5 20. Qb3 Qh4 21. Kg1 Bxe4
22. Nxe4 Bxh2+ 23. Kh1 Bg3+ 24. Kg1 Qh2# 0-1

[Event "ch-FRA Blitz Online Qual"]
[Site "Europe-Chess INT"]
[Date "2020.05.16"]
[Round "1"]
[White "Koelsch, Gilbert"]
[Black "Gandreuil, Brice"]
[Result "1-0"]
[WhiteTitle "CM"]
[WhiteElo "2159"]
[BlackElo "1500"]
[WhiteFideId "612243"]
[BlackFideId "36078425"]
[EventDate "2020.05.16"]

1. e4 e6 2. d3 d5 3. Nd2 Nf6 4. Ngf3 c5 5. g3 Nc6 6. Bg2 b6 7. O-O Be7 8. c3 O-O
9. Re1 Bb7 10. exd5 exd5 11. Nb3 Rb8 12. d4 cxd4 13. Nbxd4 Nxd4 14. Nxd4 Bc5 15.
Nb3 Re8 16. Bg5 h6 17. Bf4 Bd6 18. Qd2 Bxf4 19. Qxf4 Qd7 20. Nd4 Ne4 21. Rad1
Qe7 22. Nf5 Qf6 23. Bxe4 dxe4 24. Rd6 Qe5 25. Qxe5 Rxe5 26. Nd4 e3 27. Rxe3 Rxe3
28. fxe3 Re8 29. Kf2 Kf8 30. Rd7 Rb8 31. Nf5 a5 32. Nd6 Bd5 33. c4 Be6 34. Rc7
Rd8 35. Ne4 Rd3 36. Rb7 f5 37. Nc3 Rd2+ 38. Kf3 Rxb2 39. Nd5 Bxd5+ 40. cxd5 Rd2
41. e4 fxe4+ 42. Kxe4 g5 43. Ke5 Rxa2 44. Kf6 Rf2+ 45. Ke6 Re2+ 46. Kd7 Rd2 47.
d6 a4 48. Rxb6 a3 49. Ra6 a2 50. Ke6 Re2+ 51. Kf6 Rd2 52. Ra8# 1-0

[Event "ch-FRA Blitz Online Qual"]
[Site "Europe-Chess INT"]
[Date "2020.05.16"]
[Round "1"]
[White "De Monts, Louis"]
[Black "Hutois, Mickael"]
[Result "0-1"]
[BlackTitle "FM"]
[WhiteElo "1630"]
[BlackElo "2261"]
[WhiteFideId "36088781"]
[BlackFideId "652091"]
[EventDate "2020.05.16"]

1. e4 e5 2. Nf3 Nc6 3. Bc4 Be7 4. d4 exd4 5. Nxd4 d6 6. O-O Nf6 7. Nc3 O-O 8. b3
Ne5 9. Be2 Ng6 10. f3 d5 11. Nxd5 Nxd5 12. exd5 Qxd5 13. c4 Qa5 14. Kh1 Rd8 15.
Bd2 Qb6 16. Nb5 Bg5 17. f4 Bxf4 18. Rxf4 Nxf4 19. Qe1 Nxe2 20. Qxe2 Be6 21. Bf4
Rd7 22. Qe5 Rad8 23. h3 c6 24. Be3 Qa5 25. b4 Qxb4 26. Nc7 Qd6 27. Qxd6 Rxd6 28.
Bxa7 Rd1+ 29. Rxd1 Rxd1+ 30. Kh2 Bxc4 31. a4 Ra1 32. Bd4 Rxa4 33. Ne8 f6 34. Nd6
Bd5 35. Bc5 Ra2 0-1

[Event "ch-FRA Blitz Online Qual"]
[Site "Europe-Chess INT"]
[Date "2020.05.16"]
[Round "1"]
[White "Pigeat, Alexandre"]
[Black "Desarmaux-Do, Yanis-Huy"]
[Result "1-0"]
[WhiteTitle "FM"]
[WhiteElo "2293"]
[BlackElo "1803"]
[WhiteFideId "20649444"]
[BlackFideId "45118299"]
[EventDate "2020.05.16"]

1. d4 Nf6 2. c4 e6 3. Nc3 Bb4 4. e3 O-O 5. Ne2 d5 6. a3 Be7 7. Nf4 c6 8. cxd5
exd5 9. Bd3 a5 10. O-O Na6 11. Nh5 Nc7 12. Nxf6+ Bxf6 13. Ne2 Ne6 14. Ng3 b5 15.
Qc2 Bd7 16. Bxh7+ Kh8 17. Bd3 g6 18. f4 Rg8 19. f5 Nf8 20. Qf2 g5 21. e4 dxe4
22. Nxe4 Bg7 23. Bxg5 Qb6 24. f6 Nh7 25. Nd6 Be6 26. Qh4 Bf8 27. Qxh7# 1-0

[Event "ch-FRA Blitz Online Qual"]
[Site "Europe-Chess INT"]
[Date "2020.05.16"]
[Round "1"]
[White "Ogier, Arnaud"]
[Black "Zachary, Matheo"]
[Result "0-1"]
[BlackTitle "FM"]
[WhiteElo "1569"]
[BlackElo "2334"]
[WhiteFideId "45196494"]
[BlackFideId "26024691"]
[EventDate "2020.05.16"]

1. e4 c5 2. Nc3 Nc6 3. g3 g6 4. Bg2 Bg7 5. d3 d6 6. Nge2 e6 7. O-O Nge7 8. Be3
O-O 9. Qd2 Nd4 10. f4 Rb8 11. Nd1 b5 12. c3 Nxe2+ 13. Qxe2 b4 14. d4 bxc3 15.
Nxc3 cxd4 16. Bxd4 Bxd4+ 17. Kh1 Qb6 18. Na4 Qa5 19. b3 0-1

[Event "ch-FRA Blitz Online Qual"]
[Site "Europe-Chess INT"]
[Date "2020.05.16"]
[Round "1"]
[White "Ellis, Antoine"]
[Black "Sudholt, Mario"]
[Result "1-0"]
[WhiteElo "2066"]
[BlackElo "1483"]
[WhiteFideId "36019992"]
[BlackFideId "551039877"]
[EventDate "2020.05.16"]

1. d4 f5 2. Qd3 Nf6 3. Qxf5 e6 4. Qd3 Be7 5. e4 O-O 6. Nc3 b6 7. Qh3 Bb7 8. Bd3
Nc6 9. Nf3 Nb4 10. O-O Nxd3 11. cxd3 Qe8 12. Nb5 Bd8 13. Qg3 d6 14. Nc3 Qf7 15.
Ng5 Qe8 16. f4 Nh5 17. Qh3 Bc8 18. e5 Qg6 19. Nce4 d5 20. Nc3 Bd7 21. Be3 Bxg5
22. fxg5 a6 23. Nxd5 exd5 24. Qxd7 Qxd3 25. Qxd5+ Kh8 26. Rf3 Rxf3 27. Qxa8+ 1-0

[Event "ch-FRA Blitz Online Qual"]
[Site "Europe-Chess INT"]
[Date "2020.05.16"]
[Round "1"]
[White "Lesage, Margot"]
[Black "Defromont, Benjamin"]
[Result "0-1"]
[BlackTitle "FM"]
[WhiteElo "1598"]
[BlackElo "2236"]
[WhiteFideId "45137013"]
[BlackFideId "36068829"]
[EventDate "2020.05.16"]

1. e4 e5 2. Nf3 Nc6 3. d4 exd4 4. Nxd4 Bc5 5. Be3 Qf6 6. c3 Nge7 7. Bc4 Ne5 8.
Bb3 Qg6 9. O-O Qxe4 10. Re1 Qg4 11. Qc2 Bxd4 12. Bxd4 Nf3+ 13. Kf1 Nxh2+ 14. Kg1
Nf3+ 15. Kf1 Nxe1 16. Kxe1 O-O 17. Kf1 d6 18. Nd2 Bf5 19. Qc1 Rae8 20. Nf3 Ng6
21. Qd2 Nf4 22. g3 Qh3+ 23. Kg1 Qg2# 0-1